000 00722nam a2200265Ia 4500
001 22972
005 20240114000702.0
007 ta
008 060323s a g b000 u 465 u
040 _aCotton College,Assam
041 _a465
082 _a822.3309
_bM 289 Ot
100 _aMajumdar, M. .
245 0 _aOthello: The Moor of Venice /
_cM. Majumdar.
_hTextual Documents
250 _a1st ed. /
260 _aCalcutta :
_bBookland Private Ltd ,
_cnd.
300 _a195p. :
_bill ;
_c17cm .
500 _aAcc No 43691 (Lost)&Replaced another copy
653 _aEnglish drama-Criticism
653 _aG-English
942 _2ddc
_cBK
999 _c22954
_d22954